000 00443nam a2200169Ia 4500
008 090711s9999 xx 000 0 und d
082 _b45228
100 _aहसमनीस द. का.
245 _aनामदार
260 _c1982
300 _a151
600 _aहसमनीस द. का.
630 _aनामदार
700 _aहसमनीस द. का.
730 _aनामदार
942 _cBOOK
999 _c297495
_d297495